Most Coal Dependent States - Statistics

General Stats
  • This quiz has been taken 48 times
  • The average score is 6 of 10
Answer Stats
States % % Correct
West Virginia 95.60%
93%
Kentucky 92.00%
86%
Wyoming 87.30%
70%
North Dakota 75.10%
67%
Indiana 84.50%
63%
Nebraska 63.20%
63%
Missouri 82.40%
58%
Utah 76.20%
58%
Mississippi 66.80%
51%
Wisconsin 61.30%
30%
No matching quizzes found
Score Distribution
Percent of People with Each Score
Percentile by Number Answered
Your Score History
You have not taken this quiz